000 00529cam a22002171 4500
001 sa 65000691
003 DLC
005 20260227112104.0
008 890801s1963 pk 000 0 urdr
010 _asa 65000691
035 _a(OCoLC)20109306
040 _aDLC
_cWaU
_dDLC
042 _apremarc
050 0 0 _aPK2200.C5
_bE43
100 1 _aChandar, Krishan.
245 1 0 _aEk vāʼilan samundar ke kināre.
260 _c[1963]
300 _a408 p.
_c19 cm.
500 _aIn Urdu.
500 _aText partially vocalized.
999 _c61669
_d61669